000 00427nam a2200169Ia 4500
999 _c17286
_d17286
082 _aTD.0314
100 _aDash, Dipak Kumar
245 0 _aNAM: a study of its role since 1992
260 _c2011
_bRavenshaw University
300 _a293
504 _aincludes bibliography
650 _aNon-Alignment Movement
_vHistory
650 _aWorld politics
650 _aNeutrality
710 _aDas, Mandakini
942 _cTH
_2ddc